000 00642nam a2200205Ia 4500
005 20250923145339.0
008 008 250917s9999 xx 000 0 eng d
037 _aTextual
040 _aDSWL
_beng
_cDSWL
041 _aeng
_2eng
084 _aYX.45'N7 <- N63, N76
_qDSWL
100 _aPrigmore, Charles S.
_9834335
245 0 _aSocial Work in Iran since the White revolution
_c by Charles S. Prigmore
260 _aU.S.A.
_bThe University of Alabama Press
_c1976
300 _axii,194p.
365 _aINR
_b91 . 67
925 _g91 . 67
942 _cTEXL
_hYX.45'N7 <- N63, N76
999 _c1450283
_d1450283